| 000 | 00737nam a22001817a 4500 | ||
|---|---|---|---|
| 999 |
_c61395 _d61395 |
||
| 003 | Ge_BSU | ||
| 005 | 20240305172912.0 | ||
| 008 | 240305s2024 ge ||||| |||| 00| 0 geo d | ||
| 041 | _ageo | ||
| 080 | _a821.353.1-1 ფ-97 | ||
| 100 |
_aფუტკარაძე, ოთარ _91700 |
||
| 245 |
_aმთიდან ამოთქმული ბწკარები / _cოთარ ფუტკარაძე; რედ. ოთარ ცინარიძე. |
||
| 264 |
_aბათუმი : _bშპს "თეგი" , _c2024. |
||
| 300 |
_a194 გვ.; _b22 სმ. |
||
| 653 | _aლექსები | ||
| 700 |
_aცინარიძე, ოთარ _eრედაქტორი _912169 |
||
| 942 |
_2udc _cᲬᲘᲒᲜᲘ |
||